| 000 | 00000nam##2200000za#4500 |
| 001 | 9.611832 |
| 003 | CaOODSP |
| 005 | 20230202144024 |
| 007 | ta |
| 008 | 150406|1995||||xxc||||| f|0| 0 eng|d |
| 020 | |a0-662-21708-X |
| 040 | |aCaOODSP|beng |
| 043 | |an-cn--- |
| 086 | 1 |aH72-22/16-1995E |
| 110 | 2 |aNational Clearinghouse on Family Violence (Canada). |
| 245 | 14|aThe parent-teen relationship: how parents can make the most of it / |cby Gus Fraser. |
| 260 | |aOttawa - Ontario : |bHealth Canada. |c1995. |
| 300 | |a8p. : |breferences ; |c28 cm. |
| 490 | 1 |aInformation from the National Clearinghouse on Family Violence |
| 500 | |a"Focuses on strategies parents can use to deal with typical teenage behaviour".--Page 1. |
| 520 | 3 |aFocuses on strategies parents can use to deal with typical teenage behaviour.--Page 1 |
| 590 | |a95-37|b1995-09-15 |
| 690 | 07|aFamily violence|2gcpds |
| 690 | 07|aAdolescents|2gcpds |
| 720 | 1 |aFraser, Gus |
| 776 | 0#|tThe parent-teen relationship : |w(CaOODSP)9.572673 |
| 830 | #0|aInformation from the National Clearinghouse on Family Violence.|w(CaOODSP)9.514740 |